Statystyki dla Państwa z najlepszym systemem edukacyjnym

Kliknij tutaj aby rozwiązać quiz!

Ogólne statystyki

  • Ten quiz został rozwiązany 89 razy
  • Średni wynik to 9 z 15

Statystyki odpowiedzi

Odpowiedź% Poprawnych
Chiny
90%
Japonia
90%
Usa
89%
Norwegia
85%
Finlandia
84%
Korea południowa
79%
Francja
78%
Dania
70%
Belgia
60%
Holandia
59%
Estonia
39%
Portugalia
39%
Singapur
39%
Izrael
24%
HongKong
2%

Rozkład punktacji

Percentyl według liczby udzielonych odpowiedzi

Procent ludzi z każdym wynikiem

Twoja historia wyników

Nie rozwiązałeś tego quizu